[Event "4NCL/Div1/BAR1-BG2"]
[Site "Rd10-Birmingham"]
[Date "2001.05.06"]
[Round "10.5"]
[White "Crouch, Colin"]
[Black "Bellin, Robert"]
[Result "1/2-1/2"]
[WhiteElo "2403"]
[BlackElo "2361"]
[PlyCount "24"]
[EventDate "2001.05.06"]

1. d4 f5 2. Bg5 Nc6 3. e3 g6 4. f4 Bg7 5. Nd2 Nf6 6. c3 b6 7. Bd3 Bb7 8. Ngf3
O-O 9. O-O Qe8 10. Qe2 Nd8 11. Ba6 Bxa6 12. Qxa6 Nf7 1/2-1/2

[Event "4NCL/Div1/BAR1-BG2"]
[Site "Rd10-Birmingham"]
[Date "2001.05.06"]
[Round "10.6"]
[White "Cooper, Lawrence"]
[Black "Ferguson, Mark"]
[Result "1/2-1/2"]
[WhiteElo "2352"]
[BlackElo "2374"]
[PlyCount "56"]
[EventDate "2001.05.06"]

1. e4 e5 2. Nf3 Nc6 3. Bb5 Nf6 4. O-O Nxe4 5. Re1 Nd6 6. Nxe5 Nxe5 7. Rxe5+ Be7
8. Nc3 O-O 9. Bd3 c6 10. b3 Ne8 11. Bb2 d5 12. Qf3 Bd6 13. Re2 Qh4 14. h3 Nc7
15. Bf5 Ne6 16. Bxe6 fxe6 17. Qd3 e5 18. Ne4 Bf5 19. Qg3 Qxg3 20. Nxg3 Bxc2 21.
Bxe5 Bxe5 22. Rxe5 Rae8 23. Rxe8 Rxe8 24. d4 Kf7 25. Rc1 Bd3 26. f3 g6 27. Kf2
Kf6 28. Rc3 Bb1 1/2-1/2

[Event "4NCL/Div1/BAR1-BG2"]
[Site "Rd10-Birmingham"]
[Date "2001.05.06"]
[Round "10.7"]
[White "Palliser, Richard"]
[Black "Richardson, John"]
[Result "1/2-1/2"]
[WhiteElo "2342"]
[BlackElo "2338"]
[PlyCount "92"]
[EventDate "2001.05.06"]

1. d4 Nf6 2. c4 e6 3. g3 c5 4. d5 exd5 5. cxd5 d6 6. Bg2 g6 7. Nc3 Bg7 8. Nf3
O-O 9. O-O a6 10. a4 Re8 11. Nd2 Nbd7 12. Nc4 Ne5 13. Nxe5 Rxe5 14. e4 Re8 15.
h3 Rb8 16. Rb1 Nd7 17. f4 b5 18. axb5 axb5 19. e5 dxe5 20. f5 gxf5 21. Rxf5 Nf8
22. Rg5 f5 23. Qh5 c4 24. d6 Bb7 25. Rxg7+ Kxg7 26. Qh6+ Kg8 27. Bg5 Re6 28.
Qxe6+ Nxe6 29. Bxd8 Nxd8 30. Rf1 Bxg2 31. Kxg2 Nf7 32. Rxf5 Nxd6 33. Rxe5 b4
34. Nd5 c3 35. Nxc3 bxc3 36. bxc3 Rb3 37. Rd5 Ne4 38. Rd8+ Kg7 39. Rd7+ Kg6 40.
Kf3 Ng5+ 41. Kf4 Ne6+ 42. Ke5 Rxc3 43. Kxe6 Rxg3 44. Ke5 Rxh3 45. Kf4 Ra3 46.
Kg4 Ra4+ 1/2-1/2

[Event "4NCL/Div1/BAR1-BG2"]
[Site "Rd10-Birmingham"]
[Date "2001.05.06"]
[Round "10.8"]
[White "Bellin, Jana"]
[Black "Kieran, Rosalind"]
[Result "1-0"]
[WhiteElo "2187"]
[BlackElo "2079"]
[PlyCount "107"]
[EventDate "2001.05.06"]

1. d4 Nf6 2. Nf3 e6 3. Bg5 c5 4. e3 cxd4 5. exd4 Be7 6. Bd3 d6 7. O-O Nbd7 8.
Re1 b6 9. c3 Bb7 10. Nbd2 O-O 11. a4 a6 12. Qc2 Re8 13. h3 Nf8 14. Ne4 Nd5 15.
Bxe7 Qxe7 16. Qd2 Ng6 17. g3 Qd7 18. c4 Nde7 19. Qb4 Nf5 20. Ned2 Nfe7 21. Bf1
Rec8 22. Bg2 Qc7 23. Rac1 Nc6 24. Qc3 a5 25. d5 Nd8 26. Nd4 exd5 27. cxd5 Qd7
28. Qa3 Ba6 29. Ne4 Nb7 30. Rc6 Nc5 31. Rxd6 Qxa4 32. Qxa4 Nxa4 33. b3 Nb2 34.
Rxb6 Nd3 35. Rd1 Nde5 36. Nd6 Rd8 37. N6b5 Bxb5 38. Rxb5 a4 39. bxa4 Rxa4 40.
Nf5 Nc4 41. Re1 Kf8 42. Rb7 Nge5 43. f4 Ng6 44. d6 Ra5 45. Rc7 Rxf5 46. Rxc4
Rf6 47. d7 Rd6 48. Bc6 Ne7 49. Ba4 Re6 50. Rec1 Rg6 51. Rc8 Nxc8 52. dxc8=Q
Rxc8 53. Rxc8+ Ke7 54. Kf2 1-0

[Event "4NCL/Div1/SLO-SWD"]
[Site "Rd10-Birmingham"]
[Date "2001.05.06"]
[Round "10.1"]
[White "Summerscale, Aaron"]
[Black "Cooper, John"]
[Result "1-0"]
[WhiteElo "2506"]
[BlackElo "2341"]
[PlyCount "57"]
[EventDate "2001.05.06"]

1. d4 Nf6 2. c4 e6 3. Nc3 Bb4 4. Qc2 O-O 5. e4 d5 6. e5 Ne4 7. a3 Bxc3+ 8. bxc3
c5 9. Bb2 cxd4 10. cxd4 Qa5+ 11. Ke2 f5 12. f3 Ng5 13. h4 Nf7 14. cxd5 exd5 15.
Bc3 Qd8 16. Kf2 Nc6 17. Bd3 Qb6 18. Rb1 Nxd4 19. Rxb6 Nxc2 20. Rb3 d4 21. Bb2
Ne3 22. Bxd4 Be6 23. Rxb7 Nd1+ 24. Ke1 Rfd8 25. Ne2 Ne3 26. Re7 Nxg2+ 27. Kf2
Nf4 28. Nxf4 Rxd4 29. Ke3 1-0

[Event "4NCL/Div1/SLO-SWD"]
[Site "Rd10-Birmingham"]
[Date "2001.05.06"]
[Round "10.2"]
[White "Zeidler, Sven"]
[Black "Wells, Peter"]
[Result "1/2-1/2"]
[WhiteElo "2284"]
[BlackElo "2522"]
[PlyCount "36"]
[EventDate "2001.05.06"]

1. e4 c5 2. Nc3 Nc6 3. Bb5 Nd4 4. Bc4 e6 5. Nf3 Nf6 6. O-O b5 7. Nxd4 bxc4 8.
Nf3 Be7 9. Re1 d5 10. exd5 exd5 11. b3 cxb3 12. cxb3 O-O 13. Ba3 Bg4 14. d4 Rc8
15. Na4 Ne4 16. Nxc5 Nxc5 17. Bxc5 Bxc5 18. dxc5 a5 1/2-1/2

[Event "4NCL/Div1/SLO-SWD"]
[Site "Rd10-Birmingham"]
[Date "2001.05.06"]
[Round "10.3"]
[White "Kumaran, Dharshan"]
[Black "Morris, Charles"]
[Result "1-0"]
[WhiteElo "2505"]
[BlackElo "2238"]
[PlyCount "45"]
[EventDate "2001.05.06"]

1. c4 e5 2. Nc3 Bb4 3. Nf3 Bxc3 4. bxc3 e4 5. Nd4 d6 6. d3 Nf6 7. Bg5 exd3 8.
exd3 O-O 9. Be2 h6 10. Bh4 Nbd7 11. O-O Ne5 12. Rb1 c5 13. Nc2 b6 14. a4 Be6
15. Ne3 Re8 16. f4 Ng6 17. Bxf6 Qxf6 18. f5 Qg5 19. Rf3 Bd7 20. Rg3 Qf4 21.
fxg6 Rxe3 22. gxf7+ Kf8 23. Qc1 1-0

[Event "4NCL/Div1/SLO-SWD"]
[Site "Rd10-Birmingham"]
[Date "2001.05.06"]
[Round "10.4"]
[White "Spice, Alan"]
[Black "Kosten, Anthony"]
[Result "0-1"]
[WhiteElo "2193"]
[BlackElo "2524"]
[PlyCount "66"]
[EventDate "2001.05.06"]

1. Nc3 d5 2. e4 d4 3. Nce2 e5 4. Ng3 Be6 5. c3 c5 6. Bb5+ Nd7 7. Nf3 f6 8. O-O
a6 9. Bxd7+ Qxd7 10. cxd4 cxd4 11. d3 Ne7 12. Nh4 Ng6 13. Nhf5 O-O-O 14. Bd2
Kb8 15. b4 Nf4 16. Qb1 h5 17. a4 h4 18. Nxh4 Rxh4 19. b5 Bd6 20. bxa6 Rdh8 21.
Rc1 Rxh2 22. Qb6 Ne2+ 23. Kf1 Bg4 24. f3 Bxf3 25. Nf5 Rxg2 26. Bh6 gxh6 27.
axb7 Rg1+ 28. Kf2 Rxc1 29. Rxc1 Nxc1 30. Qa6 Qxb7 31. Qxd6+ Qc7 32. Qb4+ Ka8
33. Kxf3 Rb8 0-1

[Event "4NCL/Div1/SLO-SWD"]
[Site "Rd10-Birmingham"]
[Date "2001.05.06"]
[Round "10.5"]
[White "Spraggett, Kevin"]
[Black "James, David J"]
[Result "1-0"]
[WhiteElo "2526"]
[BlackElo "2238"]
[PlyCount "113"]
[EventDate "2001.05.06"]

1. c4 e5 2. g3 Nc6 3. Bg2 g6 4. Nc3 Bg7 5. e4 d6 6. Nge2 Be6 7. Nd5 Qd7 8. d3
Nce7 9. d4 c6 10. Ne3 Bh3 11. Bf3 h5 12. d5 cxd5 13. Nxd5 Nxd5 14. Qxd5 Ne7 15.
Qd3 O-O 16. Be3 a6 17. Nc3 b5 18. O-O-O bxc4 19. Qxd6 Qb7 20. Qb6 Qxb6 21. Bxb6
Nc6 22. Be2 Nd4 23. Bxc4 Rac8 24. b3 Rc6 25. Nd5 Kh7 26. Bxd4 exd4 27. Rhe1 Bg2
28. Nf4 Bf3 29. Rd3 Bg4 30. f3 Be6 31. Nxe6 fxe6 32. h4 e5 33. Kd1 a5 34. a4
Bh6 35. Ke2 Be3 36. Rf1 Kh6 37. Rdd1 g5 38. hxg5+ Kxg5 39. Rh1 Rh6 40. Rh3 Rfh8
41. Rdh1 R8h7 42. Kd3 Rf6 43. Ke2 Rh8 44. Rh4 Rfh6 45. Bf7 R8h7 46. Bd5 Rc7 47.
Bc4 Rch7 48. Rb1 Rc7 49. Rh2 Rc8 50. Rf1 Rf8 51. Rg2 Rhf6 52. f4+ Kg4 53. Rh1
exf4 54. gxf4+ Kxf4 55. Rh4+ Ke5 56. Rxh5+ Kxe4 57. Rg4+ 1-0

[Event "4NCL/Div1/SLO-SWD"]
[Site "Rd10-Birmingham"]
[Date "2001.05.06"]
[Round "10.7"]
[White "Buckley, Graeme"]
[Black "Richmond, Peter"]
[Result "0-1"]
[WhiteElo "2374"]
[BlackElo "2237"]
[PlyCount "72"]
[EventDate "2001.05.06"]

1. d4 d5 2. c4 c6 3. Nf3 e6 4. Nc3 dxc4 5. e3 b5 6. a4 Bb4 7. Bd2 Bb7 8. axb5
Bxc3 9. Bxc3 cxb5 10. b3 a5 11. bxc4 b4 12. Bb2 Nf6 13. Bd3 Nbd7 14. O-O O-O
15. Nd2 Qc7 16. f4 a4 17. e4 a3 18. Bc1 Nb6 19. e5 Qd8 20. Kh1 Qxd4 21. Nb3 Qc3
22. exf6 Rfd8 23. Qg4 g6 24. Qg5 Rxd3 25. Nc5 Qxa1 26. Nxd3 Rd8 27. Nb2 Nd7 28.
Rd1 Bd5 29. Nd3 Nxf6 30. cxd5 Rxd5 31. Qg3 Ne4 32. Qe3 Rxd3 33. Rxd3 Nf2+ 34.
Qxf2 Qxc1+ 35. Qg1 Qxg1+ 36. Kxg1 a2 0-1

[Event "4NCL/Div1/SLO-SWD"]
[Site "Rd10-Birmingham"]
[Date "2001.05.06"]
[Round "10.8"]
[White "Cast, Abigail"]
[Black "Lalic, Susan"]
[Result "0-1"]
[WhiteElo "2121"]
[BlackElo "2318"]
[PlyCount "62"]
[EventDate "2001.05.06"]

1. d4 d5 2. c4 e6 3. Nc3 c5 4. e3 Nf6 5. Nf3 a6 6. cxd5 exd5 7. Be2 Bd6 8. Qc2
cxd4 9. exd4 h6 10. h3 Nc6 11. a3 Be6 12. O-O Rc8 13. b4 Bb8 14. Bb2 O-O 15.
Rfe1 Qd6 16. Rad1 Ne4 17. Nxe4 dxe4 18. Qxe4 Bd5 19. Qg4 Bxf3 20. Bxf3 Qh2+ 21.
Kf1 Ne5 22. Qg3 Nxf3 23. Qxh2 Nxh2+ 24. Kg1 Rfe8 25. d5 Bd6 26. Bd4 Kf8 27.
Rxe8+ Kxe8 28. Bxg7 h5 29. Re1+ Kd7 30. Be5 Re8 31. f4 f6 0-1

[Event "4NCL/Div1/SLO-SWD"]
[Site "Rd10-Birmingham"]
[Date "2001.05.06"]
[Round "10.6"]
[White "Saunders, John"]
[Black "McNab, Colin"]
[Result "0-1"]
[WhiteElo "2199"]
[BlackElo "2403"]
[PlyCount "148"]
[EventDate "2001.05.06"]

1. e4 g6 2. d4 d6 3. Nc3 Bg7 4. Nf3 Nf6 5. Be2 c6 6. O-O O-O 7. a4 Qc7 8. h3
Nbd7 9. Be3 b6 10. Qd2 Bb7 11. Rad1 Rad8 12. Qc1 e5 13. dxe5 dxe5 14. Nd2 a6
15. Nb3 Rfe8 16. Rfe1 Bf8 17. Bg5 Be7 18. Qe3 b5 19. axb5 cxb5 20. Bd3 Nb6 21.
Qf3 Kg7 22. Bc1 Rd6 23. Ne2 Red8 24. Ng3 Ng8 25. Qe2 Bc8 26. Nd2 Be6 27. Ndf1
Na4 28. Ne3 f6 29. c3 R6d7 30. Bc2 Nb6 31. Rxd7 Rxd7 32. Rd1 Bc5 33. Rxd7+ Qxd7
34. Qd3 Qxd3 35. Bxd3 Ne7 36. Bc2 Nc4 37. Nxc4 bxc4 38. Nf1 f5 39. Be3 Bxe3 40.
Nxe3 f4 41. Nf1 Nc8 42. Nd2 Nd6 43. Kf1 Bd7 44. Ke2 Bc6 45. f3 Bb5 46. Bb1 Kf6
47. Kf2 g5 48. Ba2 Ke7 49. Ke1 Kd7 50. Ke2 Kc6 51. Kf2 Kc5 52. Ke2 Ba4 53. Bb1
Nc8 54. Ba2 Nb6 55. Ke1 Bc2 56. Ke2 Bd3+ 57. Kd1 Na4 58. Kc1 Kb5 59. Bb1 Nc5
60. Ba2 Be2 61. Kc2 Nd7 62. Kc1 Kc5 63. Bb1 Nf8 64. Bc2 Ng6 65. Ba4 Nh4 66. Bd7
Nxg2 67. Bg4 Ne3 68. Bc8 a5 69. Bd7 h5 70. Be8 g4 71. fxg4 hxg4 72. Bh5 f3 73.
Bxg4 Nxg4 74. hxg4 f2 0-1

[Event "4NCL/Div1/PP-GUI"]
[Site "Rd10-Birmingham"]
[Date "2001.05.06"]
[Round "10.2"]
[White "Conquest, Stuart"]
[Black "Bryson, Douglas"]
[Result "1-0"]
[WhiteElo "2563"]
[BlackElo "2378"]
[PlyCount "97"]
[EventDate "2001.05.06"]

1. e4 d5 2. exd5 Nf6 3. Nf3 Nxd5 4. d4 Bg4 5. h3 Bh5 6. c4 Nb6 7. Nc3 e6 8. Be3
Nc6 9. d5 exd5 10. cxd5 Nb4 11. Bxb6 axb6 12. Be2 Bd6 13. a3 Bxf3 14. Bxf3 Na6
15. O-O O-O 16. b4 Nb8 17. Nb5 Nd7 18. Rc1 Nf6 19. Rc4 Qd7 20. a4 Rfe8 21. Qc2
Re7 22. h4 Rf8 23. g3 Ne8 24. Bg4 Qd8 25. Rd1 Re5 26. Bh3 Kh8 27. Qd3 Qe7 28.
Qc3 f5 29. Nxd6 Qxd6 30. Bg2 Rf7 31. a5 Rfe7 32. Bf3 h6 33. Kg2 Nf6 34. a6 bxa6
35. Rc6 Qd7 36. d6 cxd6 37. Rdxd6 Qa7 38. Rxb6 a5 39. Ra6 Qc7 40. Rac6 Qa7 41.
Ra6 Qc7 42. Qxc7 Rxc7 43. bxa5 Rc2 44. Rd4 Kh7 45. Rxf6 gxf6 46. Rd7+ Kh8 47.
a6 Ra2 48. a7 Rea5 49. Rd8+ 1-0

[Event "4NCL/Div1/PP-GUI"]
[Site "Rd10-Birmingham"]
[Date "2001.05.06"]
[Round "10.3"]
[White "Mannion, Stephen"]
[Black "Plaskett, James"]
[Result "0-1"]
[WhiteElo "2350"]
[BlackElo "2461"]
[PlyCount "88"]
[EventDate "2001.05.06"]

1. e4 c5 2. Nf3 d6 3. d4 cxd4 4. Nxd4 Nf6 5. Nc3 a6 6. f4 e6 7. Qf3 Qb6 8. Nb3
Nc6 9. Bd3 Be7 10. Be3 Qc7 11. O-O O-O 12. Kh1 b5 13. a3 Bb7 14. Qh3 b4 15.
axb4 Nxb4 16. Rae1 Rfe8 17. Bc1 e5 18. Qf3 Rad8 19. fxe5 dxe5 20. g4 Nxd3 21.
cxd3 Qb6 22. Nd2 h6 23. h4 Qe6 24. Rg1 Nd7 25. g5 hxg5 26. hxg5 Nc5 27. Re3 Qg6
28. Rg3 Bxg5 29. Nc4 f5 30. Qg2 Ne6 31. Ref3 fxe4 32. dxe4 Qh6+ 33. Rh3 Bxc1
34. Rxh6 Bxh6 35. Nd5 Ng5 36. Rg3 Nxe4 37. Rd3 Rxd5 38. Rxd5 Bxd5 39. Kg1 Nf6
40. Qe2 e4 41. Nd6 Re6 42. Nf5 e3 43. Nd4 Re4 44. Qd3 e2 0-1

[Event "4NCL/Div1/PP-GUI"]
[Site "Rd10-Birmingham"]
[Date "2001.05.06"]
[Round "10.5"]
[White "Swanson, Stephen"]
[Black "Baker, Chris W"]
[Result "1/2-1/2"]
[WhiteElo "2273"]
[BlackElo "2372"]
[PlyCount "125"]
[EventDate "2001.05.06"]

1. e4 e5 2. Nc3 Nf6 3. f4 d5 4. fxe5 Nxe4 5. Qf3 Nxc3 6. dxc3 Be7 7. Bf4 c6 8.
O-O-O Qa5 9. Kb1 Be6 10. Qg3 Nd7 11. Nf3 O-O-O 12. Nd4 Nc5 13. Nb3 Nxb3 14.
axb3 g5 15. Bxg5 Rdg8 16. Bxe7 Rxg3 17. hxg3 Qb6 18. Bd3 Qe3 19. Bf6 Re8 20.
Rxh7 Qxg3 21. Rg7 Qe3 22. g4 c5 23. Rf1 c4 24. bxc4 dxc4 25. Bf5 Qe2 26. Rc1
Qf3 27. Rxf7 Bxf5 28. gxf5 Qxf5 29. Rg7 Qf3 30. Rcg1 a6 31. R7g4 Qe2 32. Rd4
Kb8 33. Rgd1 Ka7 34. R4d2 Qe3 35. Rd6 Qf3 36. Bd8 b5 37. Bf6 Kb7 38. Rg1 Rc8
39. Rg7+ Rc7 40. Rxc7+ Kxc7 41. Bg5 Qg3 42. Bd8+ Kb7 43. Bf6 Qe1+ 44. Ka2 Qf2
45. Bg7 Qg2 46. Bf6 Qf2 47. Rd4 Qe2 48. Rd7+ Kc6 49. Rd6+ Kb7 50. e6 Kc7 51.
Rxa6 Qxc2 52. Be5+ Kd8 53. Bf6+ Kc7 54. Be5+ Kd8 55. Bf6+ Kc7 56. Ra3 Qe4 57.
e7 Kd7 58. Ra5 Ke8 59. Bg5 Kf7 60. Ra6 Ke8 61. Rd6 Qa8+ 62. Kb1 Qh1+ 63. Ka2
1/2-1/2

[Event "4NCL/Div1/PP-GUI"]
[Site "Rd10-Birmingham"]
[Date "2001.05.06"]
[Round "10.7"]
[White "Harley, Andrew"]
[Black "Webb, Richard"]
[Result "0-1"]
[WhiteElo "2296"]
[BlackElo "2353"]
[PlyCount "100"]
[EventDate "2001.05.06"]

1. e4 c5 2. c3 e5 3. Nf3 Nc6 4. Bc4 Be7 5. O-O Nf6 6. d3 O-O 7. Re1 d6 8. Nbd2
h6 9. a3 a6 10. b4 Qc7 11. Nf1 b5 12. Bb3 Re8 13. Ne3 Bf8 14. Nh4 cxb4 15. axb4
Be6 16. Nd5 Bxd5 17. exd5 Ne7 18. c4 a5 19. bxa5 bxc4 20. dxc4 Rxa5 21. Bd2
Rxa1 22. Qxa1 Rb8 23. Qa2 Nd7 24. Rb1 g6 25. Nf3 {=} Bg7 26. Be3 Nf5 27. Bc2
Rxb1+ 28. Bxb1 Nxe3 29. fxe3 Qb6 30. Kf2 Nc5 31. Bc2 Qb4 32. Ke2 Bf6 33. Nd2
Bg5 34. Nb1 h5 35. Bd1 Ne4 36. Qb3 Qa5 37. Bc2 Nc5 38. Qb8+ Qd8 39. Qxd8+ Bxd8
40. Nc3 f5 41. Na4 Nd7 42. e4 f4 43. Kd3 Bb6 44. Bd1 Bg1 45. h3 Bd4 46. Nc3
Nc5+ 47. Kc2 Bxc3 48. Kxc3 Nxe4+ 49. Kb4 Kf7 50. Bc2 Nc5 0-1

[Event "4NCL/Div1/PP-GUI"]
[Site "Rd10-Birmingham"]
[Date "2001.05.06"]
[Round "10.8"]
[White "Yurenok, Maria"]
[Black "Connolly, Suzanne"]
[Result "1/2-1/2"]
[WhiteElo "2076"]
[BlackElo "2083"]
[PlyCount "110"]
[EventDate "2001.05.06"]

1. d4 d5 2. c4 c6 3. Nc3 Nf6 4. e3 Bf5 5. cxd5 Nxd5 6. Nf3 e6 7. Bd2 Nd7 8. Qb3
Nxc3 9. Bxc3 Rb8 10. Be2 Be7 11. O-O O-O 12. Rfd1 Qb6 13. Nd2 Rfd8 14. e4 Bg6
15. Qxb6 Nxb6 16. f3 f6 17. a4 Bf7 18. a5 Nd7 19. Nc4 Nf8 20. a6 b6 21. b4 g5
22. Ne3 h5 23. g3 Ng6 24. Kg2 Kg7 25. Rac1 Rbc8 26. b5 cxb5 27. Bxb5 Kf8 28.
Bb2 Be8 29. Be2 Ba4 30. Rxc8 Rxc8 31. Rc1 Rxc1 32. Bxc1 Ke8 33. d5 exd5 34.
Nxd5 Bc6 35. Nc7+ Kd7 36. Nb5 Bxb5 37. Bxb5+ Kc7 38. Kf2 Bc5+ 39. Kf1 Kd6 40.
Bb2 Ke7 41. Bc1 h4 42. gxh4 Nxh4 43. f4 gxf4 44. Bxf4 Bd6 45. Be3 Bc5 46. Bc1
Nf3 47. Kg2 Nd4 48. Bd3 Ne6 49. Kf3 Kf8 50. Kg4 Ke7 51. h4 Bd6 52. h5 Be5 53.
Bc4 Nd4 54. Bd5 b5 55. Bb2 b4 1/2-1/2

[Event "4NCL/Div1/BAR2-WG1"]
[Site "Rd10-Birmingham"]
[Date "2001.05.06"]
[Round "10.2"]
[White "Baburin, Alexander"]
[Black "Rogers, Jonathan"]
[Result "1/2-1/2"]
[WhiteElo "2588"]
[BlackElo "2329"]
[PlyCount "100"]
[EventDate "2001.05.06"]

1. d4 d5 2. c4 c6 3. Nf3 Nf6 4. e3 Bf5 5. Nc3 e6 6. Nh4 Be4 7. f3 Bg6 8. Qb3
Qb6 9. Nxg6 hxg6 10. Bd2 Qxb3 11. axb3 Nbd7 12. c5 a6 13. b4 Rd8 14. e4 dxe4
15. fxe4 Nb8 16. Bf4 Rxd4 17. Bxb8 Rxb4 18. O-O-O Nxe4 19. Nxe4 Rxe4 20. Bd3
Rd4 21. Ba7 Rh5 22. Be2 Rxd1+ 23. Rxd1 Re5 24. Bf3 Bxc5 25. Bb8 Be3+ 26. Kc2
Rc5+ 27. Kd3 Bg5 28. Bd6 Rb5 29. b4 Be7 30. Kc4 Bxd6 31. Rxd6 Ke7 32. Rd4 a5
33. bxa5 Rxa5 34. Rd2 Rb5 35. h4 Rf5 36. Rb2 b5+ 37. Kb4 Rf4+ 38. Kc5 Rc4+ 39.
Kb6 Rxh4 40. Kxc6 b4 41. Kc5 Kf6 42. Bc6 Kg5 43. Kd6 Rf4 44. Be8 Kf6 45. g3 Rf3
46. Rxb4 Rd3+ 47. Kc5 Ke7 48. Ba4 Rc3+ 49. Kd4 Rxg3 50. Rb7+ Kf8 1/2-1/2

[Event "4NCL/Div1/BAR2-WG1"]
[Site "Rd10-Birmingham"]
[Date "2001.05.06"]
[Round "10.3"]
[White "Dishman, Stephen"]
[Black "Emms, John"]
[Result "0-1"]
[WhiteElo "2364"]
[BlackElo "2514"]
[PlyCount "144"]
[EventDate "2001.05.06"]

1. d4 Nf6 2. Bg5 e6 3. Nd2 h6 4. Bh4 c5 5. e3 b6 6. Ngf3 Bb7 7. Bd3 Be7 8. O-O
O-O 9. c3 d6 10. e4 Nh5 11. Bxe7 Qxe7 12. Re1 Nd7 13. Rc1 Rfc8 14. Nc4 cxd4 15.
Nxd4 Nf4 16. Bf1 d5 17. exd5 Bxd5 18. Ne3 Bb7 19. g3 Ng6 20. Bg2 Bxg2 21. Nxg2
Nge5 22. Nf4 a6 23. Nd3 Nxd3 24. Qxd3 Nf6 25. c4 Ra7 26. Qf3 Rd7 27. Qe3 Qd8
28. Red1 Ng4 29. Qe4 Nf6 30. Qe3 b5 31. c5 Rd5 32. Rd2 Rdxc5 33. Rxc5 Rxc5 34.
Nc6 Qb6 35. Nb4 Rc1+ 36. Kg2 Qb7+ 37. f3 Rc8 38. Qa3 Ra8 39. Qa5 Nd5 40. Nxd5
exd5 41. Qc3 Rd8 42. Qc5 Qd7 43. Qd4 Qc6 44. b3 a5 45. Kf2 b4 46. Ke2 Qe6+ 47.
Qe3 Rc8 48. Qxe6 fxe6 49. Ke3 Rc3+ 50. Kd4 Rxf3 51. Kc5 Rf5 52. Kb6 Re5 53.
Kxa5 Re4 54. Rf2 g5 55. Ka4 Kg7 56. a3 bxa3+ 57. Kxa3 Re1 58. b4 Rb1 59. Ka4 d4
60. Kb5 Rc1 61. Ka6 e5 62. Rd2 Kf6 63. b5 Ke6 64. b6 Rb1 65. b7 Kd5 66. Ra2 d3
67. Ra5+ Kc6 68. Ra3 Rb6+ 69. Ka5 e4 70. Ra4 Rxb7 71. Rxe4 d2 72. Rc4+ Kd5 0-1

[Event "4NCL/Div1/BAR2-WG1"]
[Site "Rd10-Birmingham"]
[Date "2001.05.06"]
[Round "10.4"]
[White "Turner, Matthew"]
[Black "Plueg, Andreas"]
[Result "1-0"]
[WhiteElo "2516"]
[BlackElo "2313"]
[PlyCount "68"]
[EventDate "2001.05.06"]

1. c4 Nf6 2. g3 e5 3. Bg2 c6 4. d4 Bb4+ 5. Bd2 Bxd2+ 6. Qxd2 d6 7. Nc3 O-O 8.
e3 Be6 9. Rd1 Na6 10. b3 exd4 11. Qxd4 Qa5 12. Qd2 Rad8 13. Nge2 Nb4 14. Nf4
Bg4 15. f3 Bc8 16. O-O b6 17. Na4 c5 18. Nc3 Ba6 19. Rfe1 b5 20. a3 Qxa3 21.
Ra1 Qxb3 22. Reb1 Qc2 23. Qxc2 Nxc2 24. Rxa6 Nxe3 25. Nxb5 Nxc4 26. Rc1 d5 27.
Rxa7 Rb8 28. Nc3 Ne3 29. Nd1 Nxd1 30. Rxd1 d4 31. Bf1 Rfd8 32. Bc4 Rb4 33.
Bxf7+ Kh8 34. Nd3 Rb6 1-0

[Event "4NCL/Div1/BAR2-WG1"]
[Site "Rd10-Birmingham"]
[Date "2001.05.06"]
[Round "10.5"]
[White "Shikerov, Stefan"]
[Black "Ward, Chris"]
[Result "1-0"]
[WhiteElo "2250"]
[BlackElo "2505"]
[PlyCount "73"]
[EventDate "2001.05.06"]

1. d4 Nf6 2. c4 e6 3. Nc3 Bb4 4. e3 b6 5. Nge2 Ne4 6. Qc2 Bb7 7. a3 Bxc3+ 8.
Nxc3 Nxc3 9. Qxc3 O-O 10. Bd3 Qg5 11. Bd2 Qxg2 12. O-O-O Qxh1 13. Rxh1 Bxh1 14.
Qc2 f5 15. d5 Na6 16. b4 Rae8 17. Bc3 Nb8 18. Qd1 Be4 19. Be2 d6 20. f3 exd5
21. fxe4 dxe4 22. c5 bxc5 23. Bc4+ Kh8 24. Qg1 Re5 25. Bxe5 dxe5 26. Qg5 Rf6
27. bxc5 Nd7 28. Qg2 Nxc5 29. Qb2 Nd7 30. Qb7 Rf8 31. Qxc7 Nb6 32. Be6 f4 33.
Qxa7 f3 34. Qxb6 f2 35. Bh3 f1=Q+ 36. Bxf1 Rxf1+ 37. Kc2 1-0

[Event "4NCL/Div1/BAR2-WG1"]
[Site "Rd10-Birmingham"]
[Date "2001.05.06"]
[Round "10.6"]
[White "Martin, Andrew"]
[Black "Twyble, Michael"]
[Result "1/2-1/2"]
[WhiteElo "2447"]
[BlackElo "2231"]
[PlyCount "64"]
[EventDate "2001.05.06"]

1. c4 g6 2. g3 Bg7 3. Bg2 c5 4. Nf3 Nc6 5. O-O Nf6 6. d4 cxd4 7. Nxd4 O-O 8.
Nc3 Nxd4 9. Qxd4 d6 10. Qd3 a6 11. Bd2 Nd7 12. b3 Rb8 13. Rac1 b5 14. cxb5 axb5
15. Nd5 Bb7 16. Bg5 Bxd5 17. Qxd5 Nf6 18. Qd2 Qd7 19. Bc6 Qe6 20. Qe3 b4 21.
Rc4 d5 22. Qxe6 fxe6 23. Rc2 Ne4 24. Be3 Nc3 25. Re1 Kf7 26. Kg2 Rbc8 27. Bd7
Rcd8 28. Ba4 Nxa4 29. bxa4 Ra8 30. Rc7 Rxa4 31. Bc5 Re8 32. e4 dxe4 1/2-1/2

[Event "4NCL/Div1/BAR2-WG1"]
[Site "Rd10-Birmingham"]
[Date "2001.05.06"]
[Round "10.7"]
[White "Duncan, Chris"]
[Black "Littlewood, Paul"]
[Result "0-1"]
[WhiteElo "2307"]
[BlackElo "2400"]
[PlyCount "74"]
[EventDate "2001.05.06"]

1. c4 e5 2. Nc3 Nc6 3. g3 d6 4. Bg2 Be6 5. Nd5 g6 6. e4 Nd4 7. Ne2 c6 8. Ne3
Bg7 9. O-O Ne7 10. d3 Nxe2+ 11. Qxe2 O-O 12. b3 Qd7 13. Bb2 f5 14. f4 Rf7 15.
Rad1 Raf8 16. exf5 gxf5 17. Nc2 Ng6 18. fxe5 f4 19. d4 Bg4 20. Bf3 Bh3 21. Rf2
fxg3 22. hxg3 Rxf3 23. Rxf3 Rxf3 24. Qxf3 Bg4 25. Qf1 Bxd1 26. Qxd1 dxe5 27. d5
Qh3 28. Qe1 Bf8 29. Bc1 cxd5 30. cxd5 Qg4 31. Kh2 e4 32. Ne3 Qh5+ 33. Kg2 Qf3+
34. Kh2 Bd6 35. Bb2 Nf4 36. Qc3 Qh5+ 37. Kg1 Ne2+ 0-1

[Event "4NCL/Div1/BAR2-WG1"]
[Site "Rd10-Birmingham"]
[Date "2001.05.06"]
[Round "10.8"]
[White "Jackson, Sheila"]
[Black "McNab, Louise"]
[Result "1/2-1/2"]
[WhiteElo "2185"]
[BlackElo "1655"]
[PlyCount "85"]
[EventDate "2001.05.06"]

1. e4 c6 2. d4 d5 3. Nc3 dxe4 4. Nxe4 Bf5 5. Ng3 Bg6 6. h4 h6 7. h5 Bh7 8. Nf3
Nd7 9. Bd3 Bxd3 10. Qxd3 Qc7 11. Bd2 Ngf6 12. O-O-O e6 13. Ne4 O-O-O 14. Kb1 c5
15. Bc3 c4 16. Qe2 Nxe4 17. Qxe4 Nf6 18. Qe1 Rd5 19. Ne5 Bd6 20. Qe2 Bxe5 21.
dxe5 Rxd1+ 22. Rxd1 Nd5 23. Bd4 Kb8 24. c3 Rg8 25. Qe4 Qd8 26. g4 Qc7 27. f4
Qe7 28. Bf2 Rc8 29. Rd4 b5 30. a3 Rd8 31. Kc2 Nc7 32. Qh7 Rxd4 33. Bxd4 Qf8 34.
g5 Nd5 35. Qe4 hxg5 36. fxg5 Qh8 37. Qg4 Qh7+ 38. g6 fxg6 39. hxg6 Qh2+ 40. Kb1
Qh1+ 41. Ka2 Nc7 42. Qf4 Qd1 43. Qf8+ 1/2-1/2

[Event "4NCL/Div1/BG2-MM"]
[Site "Rd11-Birmingham"]
[Date "2001.05.07"]
[Round "11.1"]
[White "Chandler, Murray"]
[Black "Pert, Nicholas"]
[Result "1/2-1/2"]
[WhiteElo "2529"]
[BlackElo "2474"]
[PlyCount "68"]
[EventDate "2001.05.07"]

1. e4 e6 2. d4 d5 3. Nc3 Bb4 4. e5 c5 5. a3 Bxc3+ 6. bxc3 Qa5 7. Bd2 Qa4 8. Qg4
g6 9. Qd1 b6 10. h4 h5 11. Nf3 Ba6 12. Bxa6 Qxa6 13. Bg5 Nd7 14. Qd3 Qxd3 15.
cxd3 Rc8 16. Kd2 Ne7 17. a4 Nc6 18. dxc5 bxc5 19. Rhb1 Rc7 20. Rb5 O-O 21. Bf4
a6 22. Rb2 Rb8 23. Rxb8+ Ndxb8 24. Rb1 Nd7 25. g4 hxg4 26. Nh2 Na5 27. Kc2 Rb7
28. Rg1 d4 29. c4 Nc6 30. Nxg4 Nb4+ 31. Kd2 Na2 32. Kc2 Nb4+ 33. Kd2 Na2 34.
Kc2 Nb4+ 1/2-1/2

[Event "4NCL/Div1/BG2-MM"]
[Site "Rd11-Birmingham"]
[Date "2001.05.07"]
[Round "11.2"]
[White "Ledger, Andrew"]
[Black "Norwood, David"]
[Result "1/2-1/2"]
[WhiteElo "2432"]
[BlackElo "2455"]
[PlyCount "20"]
[EventDate "2001.05.07"]

1. e4 g6 2. d4 Bg7 3. Nc3 c6 4. Be3 d6 5. Qd2 Nd7 6. Nf3 e5 7. dxe5 dxe5 8. a4
Ngf6 9. Bc4 O-O 10. O-O Qe7 1/2-1/2

[Event "4NCL/Div1/BG2-MM"]
[Site "Rd11-Birmingham"]
[Date "2001.05.07"]
[Round "11.3"]
[White "Gallagher, Joe"]
[Black "Williams, Simon"]
[Result "1-0"]
[WhiteElo "2524"]
[BlackElo "2367"]
[PlyCount "87"]
[EventDate "2001.05.07"]

1. e4 c5 2. Nf3 d6 3. d4 cxd4 4. Nxd4 Nf6 5. Nc3 g6 6. Be3 Bg7 7. f3 Nc6 8. Qd2
O-O 9. Bc4 Bd7 10. O-O-O Ne5 11. Bb3 b5 12. Ndxb5 Qb8 13. Nd4 a5 14. a4 Rc8 15.
Ndb5 Nc4 16. Bxc4 Rxc4 17. b3 Rb4 18. Qe2 Qc8 19. Kb1 Bxb5 20. Nxb5 Rxb5 21.
Qxb5 Nxe4 22. fxe4 Qc3 23. Bd4 Bxd4 24. Rxd4 Qxd4 {(=)} 25. Qd5 Qxd5 26. exd5
e5 27. dxe6 fxe6 28. Rf1 Rc8 29. Kb2 Rc5 30. c3 d5 31. b4 Rc8 32. b5 Kg7 33.
Kc2 d4 34. Kd3 dxc3 35. Rc1 Kf6 36. Rxc3 Rxc3+ 37. Kxc3 Ke5 38. Kc4 Kd6 39. Kd4
e5+ 40. Ke4 g5 41. g4 h6 42. b6 Kc6 43. Kxe5 Kxb6 44. Kd5 1-0